00459nam a2200169Ia 450000500170000000800410001704000190005804100120007708200150008910000220010424500720012626000320019830000090023065000190023970000210025885000100027920230504100658.0131103s9999 xx 000 0 und d aLoreto College aEnglish a823.8bTHA aThackeray, W. M.  4aThe History of pendenniscW. M. Thackeray; illustrated by A. Pearse aLondonbCollin'sc[19- - ?] aV.1  aEnglish novels aPearse, A.; ill. aLCLIB